[Event "South Moravia Region-chT 2223"]
[Site "Czech Republic"]
[Date "2023.04.02"]
[Round "11.3"]
[White "Novy, Martin"]
[Black "Kuchar, Matej"]
[Result "1-0"]
[WhiteElo "2082"]
[BlackElo "1997"]
[PlyCount "79"]
[EventDate "2022.10.09"]
[EventType "team-tourn"]
[EventRounds "11"]
[EventCountry "CZE"]
[SourceTitle "EXT 2024"]
[Source "ChessBase"]
[SourceDate "2023.10.10"]
[SourceVersion "1"]
[SourceVersionDate "2023.10.10"]
[SourceQuality "1"]

1. d4 Nf6 2. Nf3 g6 3. Nbd2 Bg7 4. e4 d6 5. c3 0-0 6. Be2 Nbd7 7. 0-0 e5 8. dxe5 dxe5 9. Re1 Re8 10. Bf1 Nc5 11. Qc2 Bg4 12. b4 Ncd7 13. h3 Bxf3 14. Nxf3 c5 15. b5 Qc7 16. Be3 Rad8 17. Nd2 Re6 18. a4 Nb6 19. Reb1 Nc8 20. a5 Ree8 21. f3 Nh5 22. Nc4 Qe7 23. Qf2 Bf8 24. b6 a6 25. Nd2 Nf4 26. Nb3 Nd3 27. Bxd3 Rxd3 28. c4 Red8 29. Kh2 h5 30. Bxc5 Qg5 31. Bxf8 Kxf8 32. Qg3 Qe7 33. h4 Kg7 34. c5 Qe6 35. c6 Qxc6 36. Rc1 Qf6 37. Nc5 Re3 38. Nxb7 Rd2 39. Rxc8 Rxf3 40. Qg5 1-0

[Event "South Moravia Region-chT 2223"]
[Site "Czech Republic"]
[Date "2023.02.12"]
[Round "8.4"]
[White "Fryda, Dominik1111"]
[Black "Kuchar, Matej"]
[Result "0-1"]
[WhiteElo "1829"]
[BlackElo "1997"]
[PlyCount "116"]
[EventDate "2022.10.09"]
[EventType "team-tourn"]
[EventRounds "11"]
[EventCountry "CZE"]
[SourceTitle "EXT 2024"]
[Source "ChessBase"]
[SourceDate "2023.10.10"]
[SourceVersion "1"]
[SourceVersionDate "2023.10.10"]
[SourceQuality "1"]

1. d4 Nf6 2. Nf3 g6 3. g3 Bg7 4. Bg2 0-0 5. 0-0 d6 6. c4 Nbd7 7. Nc3 c6 8. e4 e5 9. dxe5 dxe5 10. Qc2 Qe7 11. b3 Rd8 12. Bb2 Ne8 13. Rad1 Nc7 14. Ne2 f6 15. h3 a5 16. Kh2 Nc5 17. Rxd8+ Qxd8 18. Rd1 Qe8 19. Ne1 N7a6 20. a3 Be6 21. Nc1 Rd8 22. Rxd8 Qxd8 23. Ned3 Bf8 24. f4 exf4 25. Nxf4 Bd6 26. Nxe6 Nxe6 27. Ne2 Qe7 28. Qc3 Be5 29. Qd2 Bxb2 30. Qxb2 Kf7 31. e5 f5 32. Nf4 Qd7 33. b4 Qd4 34. Qxd4 Nxd4 35. b5 Nc5 36. bxc6 bxc6 37. g4 g5 38. Nh5 fxg4 39. hxg4 h6 40. Nf6 Nd3 41. Ne4 Nxe5 42. Kg3 Nxc4 43. a4 Nb2 44. Nc5 Kf6 45. Nb7 Nxa4 46. Nxa5 c5 47. Nc4 Nc3 48. Kf2 Ke6 49. Bb7 Nd5 50. Bc8+ Kf6 51. Nd6 Ke5 52. Nf7+ Kf4 53. Nxh6 c4 54. Ba6 c3 55. Bd3 Nf6 56. Nf7 Nxg4+ 57. Kg1 Ne5 58. Nxg5 Nxd3 0-1

[Event "CZE-chT2F 2223"]
[Site "Czech Republic"]
[Date "2023.01.08"]
[Round "6"]
[White "Kuchar, Matej"]
[Black "Cupek, Martin"]
[Result "0-1"]
[WhiteElo "2023"]
[BlackElo "2117"]
[PlyCount "34"]
[EventDate "2022.10.16"]
[EventType "team-tourn"]
[EventRounds "11"]
[EventCountry "CZE"]
[SourceTitle "EXT 2024"]
[Source "ChessBase"]
[SourceDate "2023.10.10"]
[SourceVersion "1"]
[SourceVersionDate "2023.10.10"]
[SourceQuality "1"]
[WhiteTeam "Cesky Tesin Slavoj"]
[BlackTeam "Trinec II"]
[WhiteTeamCountry "CZE"]
[BlackTeamCountry "CZE"]

1. e4 c6 2. d4 d5 3. e5 Bf5 4. Nf3 e6 5. Be2 c5 6. Be3 cxd4 7. Nxd4 Ne7 8. 0-0 Nbc6 9. f4 Nxd4 10. Bxd4 Nc6 11. Bf2 g5 12. g3 Bh3 13. Re1 gxf4 14. gxf4 Rg8+ 15. Kh1 Bg2+ 16. Kg1 Bc5 17. Bg4 Qh4 0-1

[Event "Brno op"]
[Site "Brno"]
[Date "2022.11.17"]
[Round "7"]
[White "Moskvin, Anatoly"]
[Black "Kuchar, Matej"]
[Result "1-0"]
[WhiteElo "2170"]
[BlackElo "2008"]
[PlyCount "59"]
[EventDate "2022.11.12"]
[EventType "swiss"]
[EventRounds "9"]
[EventCountry "CZE"]
[SourceTitle "CBM 211 Extra"]
[Source "ChessBase"]
[SourceDate "2023.01.31"]
[SourceVersion "1"]
[SourceVersionDate "2023.01.31"]
[SourceQuality "1"]

1. e4 d6 2. d4 Nf6 3. Nc3 g6 4. g3 Bg7 5. Bg2 0-0 6. Nge2 Nbd7 7. 0-0 c5 8. h3 Rb8 9. Be3 b5 10. dxc5 dxc5 11. e5 Nxe5 12. Qxd8 Rxd8 13. Bxc5 Bb7 14. Bxe7 Bxg2 15. Kxg2 Rd2 16. Rad1 Rxd1 17. Rxd1 Re8 18. Bc5 Ned7 19. Be3 b4 20. Na4 Nb6 21. Nxb6 axb6 22. c3 Ra8 23. Bxb6 Rxa2 24. Rd8+ Bf8 25. Bc5 Nd7 26. Bxb4 Rxb2 27. Nd4 Kg7 28. Rxd7 Bxb4 29. cxb4 Rxb4 30. Ne6+ 1-0

[Event "Brno op"]
[Site "Brno"]
[Date "2022.11.15"]
[Round "4"]
[White "Kuchar, Matej"]
[Black "Husek, Martin"]
[Result "0-1"]
[WhiteElo "2008"]
[BlackElo "2192"]
[PlyCount "96"]
[EventDate "2022.11.12"]
[EventType "swiss"]
[EventRounds "9"]
[EventCountry "CZE"]
[SourceTitle "CBM 211 Extra"]
[Source "ChessBase"]
[SourceDate "2023.01.31"]
[SourceVersion "1"]
[SourceVersionDate "2023.01.31"]
[SourceQuality "1"]

1. e4 c5 2. Nf3 e6 3. d4 cxd4 4. Nxd4 Nc6 5. Nc3 Qc7 6. Be3 a6 7. Be2 Nf6 8. 0-0 Be7 9. a4 Bb4 10. Nxc6 Qxc6 11. e5 Bxc3 12. bxc3 Nd5 13. Bd4 Nxc3 14. Bf3 Nxd1 15. Bxc6 dxc6 16. Rfxd1 c5 17. Bxc5 Bd7 18. Rd4 Rc8 19. Bb4 Bc6 20. Rad1 Bd5 21. c4 Rxc4 22. Rxc4 Bxc4 23. Rc1 b5 24. axb5 axb5 25. Ra1 Kd7 26. Ra7+ Kc6 27. f4 Kb6 28. Rxf7 Ra8 29. Rxg7 Ra4 30. Bd6 b4 31. Bxb4 Rxb4 32. Rxh7 Bd5 33. Rf7 Rb2 34. Rg7 Kc5 35. h4 Kd4 36. h5 Rb8 37. h6 Rh8 38. h7 Be4 39. Kf2 Bxh7 40. g4 Be4 41. Kg3 Ke3 42. Rf7 Rg8 43. Ra7 Bf5 44. Ra3+ Kd4 45. Ra4+ Kc5 46. Ra5+ Kb4 47. Ra7 Rxg4+ 48. Kf3 Rh4 0-1

[Event "CZE-chT2E 2122"]
[Site "Czech Republic"]
[Date "2021.12.19"]
[Round "5.3"]
[White "Kisa, Lubomir"]
[Black "Kuchar, Matej"]
[Result "1-0"]
[WhiteElo "2178"]
[BlackElo "1982"]
[PlyCount "75"]
[EventDate "2021.10.17"]
[EventType "team-tourn"]
[EventRounds "11"]
[EventCountry "CZE"]
[SourceTitle "EXT 2024"]
[Source "ChessBase"]
[SourceDate "2023.10.10"]
[SourceVersion "1"]
[SourceVersionDate "2023.10.10"]
[SourceQuality "1"]
[WhiteTeam "Brno VSK Univ"]
[BlackTeam "Jundrov Jezdci"]
[WhiteTeamCountry "CZE"]
[BlackTeamCountry "CZE"]

1. Nf3 c5 2. g3 g6 3. Bg2 Bg7 4. 0-0 Nc6 5. d3 e6 6. e4 Nge7 7. Nbd2 0-0 8. Re1 d6 9. c3 Rb8 10. a4 a6 11. Nf1 b5 12. axb5 axb5 13. d4 b4 14. Bf4 cxd4 15. cxd4 e5 16. Be3 Bg4 17. d5 Bxf3 18. Bxf3 Nd4 19. Bxd4 exd4 20. Qd3 Nc8 21. Nd2 Nb6 22. Nb3 Qf6 23. Bg2 Rfc8 24. Rac1 Na4 25. Rxc8+ Rxc8 26. Re2 Nc5 27. Nxc5 Rxc5 28. f4 Qe7 29. h4 Qc7 30. h5 gxh5 31. e5 dxe5 32. Qf5 h4 33. gxh4 Qe7 34. fxe5 d3 35. Qxd3 Rc1+ 36. Bf1 Bxe5 37. Qe3 Bd4 38. Rg2+ 1-0

[Event "CZE-chT1E 2122"]
[Site "Czech Republic"]
[Date "2021.10.10"]
[Round "2.2"]
[White "Svancara, Petr"]
[Black "Kuchar, Matej"]
[Result "1-0"]
[WhiteElo "2128"]
[BlackElo "1973"]
[PlyCount "71"]
[EventDate "2021.10.09"]
[EventType "team-tourn"]
[EventRounds "11"]
[EventCountry "CZE"]
[SourceTitle "EXT 2023"]
[Source "ChessBase"]
[SourceDate "2022.10.05"]
[SourceVersion "1"]
[SourceVersionDate "2022.10.05"]
[SourceQuality "1"]
[WhiteTeam "Grygov Proclient"]
[BlackTeam "Cesky Tesin"]
[WhiteTeamCountry "CZE"]
[BlackTeamCountry "CZE"]

1. d4 Nf6 2. Nf3 g6 3. c4 c5 4. d5 b5 5. cxb5 a6 6. b6 d6 7. Nc3 Bg7 8. e4 0-0 9. Be2 Nbd7 10. 0-0 Nxb6 11. Bg5 Bg4 12. Nd2 Bxe2 13. Qxe2 Qd7 14. Rad1 h6 15. Bh4 Ra7 16. h3 Na4 17. Nxa4 Qxa4 18. f4 Qd4+ 19. Kh1 Qxb2 20. Rb1 Qc2 21. Rfc1 Qa4 22. Bxf6 Bxf6 23. Nc4 Bd4 24. e5 Qd7 25. Qe4 f5 26. Qf3 Rb7 27. exd6 Rxb1 28. Rxb1 exd6 29. Qg3 Kg7 30. Qa3 Qf7 31. Qxa6 Qxd5 32. Nxd6 Kg8 33. Nc4 Bf6 34. Ne5 Qe4 35. Qe6+ Kg7 36. Qd7+ 1-0

[Event "CZE-chT2F 1920"]
[Site "Czech Republic"]
[Date "2019.12.15"]
[Round "5.6"]
[White "Kuchar, Matej"]
[Black "Pan, Vladimir"]
[Result "1-0"]
[WhiteElo "2004"]
[BlackElo "2036"]
[PlyCount "59"]
[EventDate "2019.10.13"]
[EventType "team-tourn"]
[EventRounds "11"]
[EventCountry "CZE"]
[SourceTitle "EXT 2024"]
[Source "ChessBase"]
[SourceDate "2023.10.10"]
[SourceVersion "1"]
[SourceVersionDate "2023.10.10"]
[SourceQuality "1"]
[WhiteTeam "Frydek Mistek  III"]
[BlackTeam "Vrbno pod Pradedem"]
[WhiteTeamCountry "CZE"]
[BlackTeamCountry "CZE"]

1. e4 c5 2. Nf3 d6 3. d4 cxd4 4. Nxd4 Nf6 5. Nc3 a6 6. Be3 e6 7. f3 Qc7 8. Qd2 b5 9. g4 h6 10. 0-0-0 b4 11. Nce2 Nbd7 12. Kb1 d5 13. exd5 Nxd5 14. Nf4 N7f6 15. Bd3 Bd6 16. Nxd5 Nxd5 17. Rhe1 0-0 18. g5 Nxe3 19. Qxe3 g6 20. gxh6 Bc5 21. h7+ Kxh7 22. Qe4 Rb8 23. Nc6 Rb6 24. Ne5 Bb7 25. Qg4 Rd6 26. Bxg6+ fxg6 27. Qxg6+ Kh8 28. Qh6+ Qh7 29. Qxf8+ Qg8 30. Nf7+ 1-0

[Event "Pardubice Czech op-B 30th"]
[Site "Pardubice"]
[Date "2019.07.23"]
[Round "5"]
[White "Kuchar, Matej"]
[Black "Hendriks, Victor"]
[Result "0-1"]
[WhiteElo "2009"]
[BlackElo "2182"]
[PlyCount "64"]
[EventDate "2019.07.19"]
[EventType "swiss"]
[EventRounds "9"]
[EventCountry "CZE"]
[SourceTitle "EXT 2020"]
[Source "ChessBase"]
[SourceDate "2019.10.17"]
[SourceVersion "1"]
[SourceVersionDate "2019.10.17"]
[SourceQuality "1"]

1. e4 c5 2. Nf3 d6 3. d4 cxd4 4. Nxd4 Nf6 5. Nc3 a6 6. Be3 e5 7. Nb3 Be7 8. g3 0-0 9. Qd2 b5 10. 0-0-0 Bb7 11. Bg2 Nbd7 12. f4 b4 13. Nd5 Nxd5 14. exd5 a5 15. Kb1 Bf6 16. Be4 Nb6 17. Qd3 g6 18. Qb5 Ra6 19. Nxa5 Qc7 20. Nxb7 Qxb7 21. Bxb6 Rxb6 22. Qe2 exf4 23. gxf4 Qa7 24. Bd3 b3 25. axb3 Ra8 26. Kc1 Qa5 27. Bc4 Qb4 28. c3 Bxc3 29. Kc2 Bf6 30. Ra1 Rbb8 31. Qd2 Qc5 32. Rhf1 Qxc4+ 0-1

[Event "Stare Mesto op"]
[Site "Stare Mesto"]
[Date "2018.08.23"]
[Round "6"]
[White "Kuchar, Matej"]
[Black "Travnicek, Krystof Mikulas"]
[Result "1-0"]
[WhiteElo "2095"]
[BlackElo "1886"]
[PlyCount "63"]
[EventDate "2018.08.18"]
[EventType "swiss"]
[EventRounds "9"]
[EventCountry "CZE"]
[SourceTitle "CBM 186 Extra"]
[Source "ChessBase"]
[SourceDate "2018.08.24"]
[SourceVersion "1"]
[SourceVersionDate "2018.08.24"]
[SourceQuality "1"]

1. e4 e6 2. d4 d5 3. Nd2 Be7 4. Bd3 c5 5. dxc5 Nf6 6. Qe2 0-0 7. Ngf3 a5 8. 0-0 Na6 9. e5 Nd7 10. c3 Naxc5 11. Bc2 b6 12. Re1 Qc7 13. Nd4 Rd8 14. N2f3 Nf8 15. Bf4 Ba6 16. Qe3 a4 17. a3 Rac8 18. Rad1 Bc4 19. Bg3 Qd7 20. h4 Qe8 21. Ng5 h5 22. Bf4 g6 23. Kh1 Nb3 24. Bxb3 axb3 25. Rg1 Nh7 26. Ngf3 Kh8 27. g4 hxg4 28. Rxg4 Qd7 29. Rdg1 Rg8 30. Bh6 Bc5 31. h5 gxh5 32. Bg7+ 1-0

[Event "Stare Mesto op"]
[Site "Stare Mesto"]
[Date "2018.08.22"]
[Round "5"]
[White "Dobrovolsky, Ladislav"]
[Black "Kuchar, Matej"]
[Result "1-0"]
[WhiteElo "2289"]
[BlackElo "2095"]
[PlyCount "76"]
[EventDate "2018.08.18"]
[EventType "swiss"]
[EventRounds "9"]
[EventCountry "CZE"]
[SourceTitle "CBM 186 Extra"]
[Source "ChessBase"]
[SourceDate "2018.08.24"]
[SourceVersion "1"]
[SourceVersionDate "2018.08.24"]
[SourceQuality "1"]

1. Nf3 g6 2. e4 c5 3. c4 Nc6 4. d4 cxd4 5. Nxd4 Bg7 6. Nc2 Nf6 7. Nc3 d6 8. Be2 0-0 9. 0-0 Be6 10. f3 a5 11. Be3 Nd7 12. Qd2 Nc5 13. b3 Qb6 14. Rab1 Rfc8 15. Kh1 Qd8 16. Nd4 Nxd4 17. Bxd4 Qf8 18. f4 Bxd4 19. Qxd4 Qg7 20. Qe3 Ra6 21. f5 Bd7 22. f6 exf6 23. Nd5 Kh8 24. Nxf6 Bc6 25. Rbd1 Bxe4 26. Nxe4 Re8 27. Rxd6 Rxd6 28. Qxc5 Rc6 29. Qd5 f5 30. Ng3 Qe5 31. Bf3 Rd6 32. Qxb7 Rd2 33. a4 Rc2 34. Qf7 Rb2 35. c5 Rc2 36. c6 Rb8 37. Bd5 Rd8 38. Bc4 Qd6 1-0

[Event "Stare Mesto op"]
[Site "Stare Mesto"]
[Date "2018.08.19"]
[Round "2"]
[White "Kuchar, Matej"]
[Black "Mrazek, Lumir"]
[Result "1/2-1/2"]
[WhiteElo "2095"]
[BlackElo "2318"]
[PlyCount "98"]
[EventDate "2018.08.18"]
[EventType "swiss"]
[EventRounds "9"]
[EventCountry "CZE"]
[SourceTitle "CBM 186 Extra"]
[Source "ChessBase"]
[SourceDate "2018.08.24"]
[SourceVersion "1"]
[SourceVersionDate "2018.08.24"]
[SourceQuality "1"]

1. e4 c5 2. Nf3 d6 3. d4 cxd4 4. Nxd4 Nf6 5. Nc3 a6 6. Be3 e5 7. Nb3 Be6 8. f4 exf4 9. Bxf4 Nc6 10. Qe2 Be7 11. h3 Nd7 12. 0-0-0 Nce5 13. g4 0-0 14. Kb1 Qc7 15. Nd4 g6 16. Bh6 Rfe8 17. Nf5 b5 18. Nxe7+ Rxe7 19. Qd2 b4 20. Nd5 Bxd5 21. Qxd5 Rc8 22. Rh2 Nc5 23. Bd3 Qc6 24. Qxc6 Rxc6 25. Rf2 Ncd7 26. Bg5 Re6 27. Rdf1 Kg7 28. Bd2 a5 29. g5 Rc7 30. Be3 Nc5 31. Bd4 Kg8 32. Rd1 Re8 33. h4 Nc6 34. Bf6 Nd7 35. b3 Nce5 36. Bb5 Ng4 37. Rfd2 Ngxf6 38. gxf6 Re6 39. Bxd7 Rxd7 40. e5 Rxe5 41. Rxd6 Rxd6 42. Rxd6 h5 43. Rd8+ Kh7 44. Rf8 g5 45. hxg5 Rxg5 46. Rxf7+ Kg6 47. Rf8 Rf5 48. c4 bxc3 49. Kc2 Rxf6 1/2-1/2

[Event "Pardubice Czech op-A 29th"]
[Site "Pardubice"]
[Date "2018.07.21"]
[Round "2"]
[White "Kuchar, Matej"]
[Black "Cerveny, Martin"]
[Result "1/2-1/2"]
[WhiteElo "2108"]
[BlackElo "2359"]
[PlyCount "72"]
[EventDate "2018.07.20"]
[EventType "swiss"]
[EventRounds "9"]
[EventCountry "CZE"]
[SourceTitle "CBM 185 Extra"]
[Source "ChessBase"]
[SourceDate "2018.07.29"]
[SourceVersion "1"]
[SourceVersionDate "2018.07.29"]
[SourceQuality "1"]

1. e4 c5 2. Nf3 d6 3. d4 cxd4 4. Nxd4 Nf6 5. Nc3 a6 6. Be3 e5 7. Nb3 Be6 8. f4 Nbd7 9. f5 Bxb3 10. axb3 d5 11. Nxd5 Nxe4 12. Qf3 Nd6 13. 0-0-0 Rc8 14. g4 Be7 15. Nxe7 Qxe7 16. g5 Rc6 17. h4 f6 18. Bc4 Nxc4 19. bxc4 Kd8 20. gxf6 gxf6 21. Rhg1 Kc8 22. Bh6 Nb6 23. Rg7 Qb4 24. b3 Kb8 25. Be3 Qf8 26. Qg2 Qa3+ 27. Kb1 Rhc8 28. Bxb6 Rxb6 29. Rdd7 Qb4 30. Qd5 Rxc4 31. Rxb7+ Rxb7 32. Rxb7+ Qxb7 33. Qxc4 Qc8 34. Qb4+ Ka8 35. Qe4+ Ka7 36. Qe3+ Ka8 1/2-1/2

[Event "CZE-chT U18 Extraliga final-A 1718"]
[Site "Czech Republic"]
[Date "2018.04.20"]
[Round "8.1"]
[White "Kuchar, Matej"]
[Black "Miesbauer, Jan"]
[Result "1-0"]
[WhiteElo "2154"]
[BlackElo "2298"]
[PlyCount "161"]
[EventDate "2017.10.07"]
[EventType "team-tourn"]
[EventRounds "11"]
[EventCountry "CZE"]
[SourceTitle "EXT 2023"]
[Source "ChessBase"]
[SourceDate "2022.10.05"]
[SourceVersion "1"]
[SourceVersionDate "2022.10.05"]
[SourceQuality "1"]
[WhiteTeam "Frydek Mistek BSS (U18)"]
[BlackTeam "Klatovy (U18)"]
[WhiteTeamCountry "CZE"]
[BlackTeamCountry "CZE"]

1. e4 e6 2. d4 d5 3. Nd2 Be7 4. Bd3 c5 5. dxc5 Nf6 6. Qe2 0-0 7. Ngf3 a5 8. 0-0 Na6 9. e5 Nd7 10. c3 Naxc5 11. Bc2 f6 12. exf6 Bxf6 13. Nb3 b6 14. Rd1 Ba6 15. Qe3 Qe7 16. Ng5 g6 17. Nd4 Rae8 18. b4 axb4 19. cxb4 e5 20. Nc6 Qd6 21. Nxh7 Qxc6 22. bxc5 e4 23. Bb3 Bc4 24. Bxc4 dxc4 25. Nxf8 Rxf8 26. Rb1 Nxc5 27. Qg3 Be7 28. Bh6 Ra8 29. Rdc1 Qe6 30. Bg5 Bf8 31. Qc7 Rc8 32. Qxb6 Qxb6 33. Rxb6 Nd3 34. Rd1 c3 35. Rxg6+ Kh7 36. Re6 c2 37. Rf1 Rc4 38. g3 Bc5 39. Kg2 e3 40. Bxe3 Bxe3 41. Rxe3 c1Q 42. Rxc1 Nxc1 43. Ra3 Rc2 44. Ra7+ Kg6 45. Ra6+ Kg7 46. Ra3 Nxa2 47. g4 Nc3 48. Ra7+ Kf6 49. Rc7 Kg5 50. Kf3 Rc1 51. Rc5+ Kf6 52. h4 Rh1 53. g5+ Kg6 54. Rc6+ Kf5 55. Rc5+ Kg6 56. Kg4 Rg1+ 57. Kf4 Ne2+ 58. Ke3 Nc1 59. Rc6+ Kh5 60. Rh6+ Kg4 61. f3+ Kf5 62. Rf6+ Ke5 63. f4+ Kd5 64. h5 Rg3+ 65. Kf2 Rh3 66. g6 Nd3+ 67. Kg2 Nxf4+ 68. Rxf4 Rxh5 69. Kg3 Ke6 70. Kg4 Rh1 71. Kg5 Ke7 72. g7 Rg1+ 73. Kh6 Rh1+ 74. Kg6 Rg1+ 75. Kh7 Rh1+ 76. Kg8 Rh2 77. Re4+ Kd7 78. Kf7 Rf2+ 79. Kg6 Rg2+ 80. Kf6 Rg1 81. Re5 1-0